Metódy oceňovania finančných derivátov diplomová práca

Na minha lista:
Detalhes bibliográficos
Autor principal: Dohnalíková, Natália
Autor Corporativo: Fakulta hospodárskej informatiky EU. Katedra matematiky a aktuárstva
Outros Autores: Smažáková, Lenka, 1991-
Formato: Livro
Idioma:eslovaco
Publicado em: Bratislava 2024
Tags: Adicionar Tag
Sem tags, seja o primeiro a adicionar uma tag!

MARC

LEADER 00000nbm a2200000 4500
001 0301181
005 20260126133743.6
041 0 |a slo 
044 |a SK 
245 1 0 |a Metódy oceňovania finančných derivátov  |b diplomová práca  |c Natália Dohnalíková ; školiteľ: Lenka Smažáková 
264 1 |a Bratislava  |c 2024 
300 |a 82 s. 
100 1 |a Dohnalíková, Natália 
700 1 |a Smažáková, Lenka, 1991- 
710 2 |a Fakulta hospodárskej informatiky EU. Katedra matematiky a aktuárstva